Kraje według wartości zawodników - Statystyki

Ogólne statystyki
  • Ten quiz został rozwiązany 117 razy
  • Średni wynik to 40 z 50
Statystyki odpowiedzi
Wartość (€) Reprezentacja % Poprawnych
904 mln Brazylia
98%
255 mln Polska
98%
915 mln Hiszpania
97%
937 mln Niemcy
97%
738 mln Argentyna
96%
1,03 mld Francja
96%
873 mln Portugalia
95%
771 mln Włochy
95%
669 mln Belgia
92%
1,27 mld Anglia
91%
191 mln Rosja
91%
197 mln Ukraina
91%
215 mln Szwecja
90%
607 mln Holandia
89%
258 mln Stany Zjednoczone
89%
311 mln Dania
87%
289 mln Kolumbia
87%
144 mln Japonia
86%
155 mln Kanada
86%
191 mln Meksyk
86%
376 mln Chorwacja
85%
271 mln Norwegia
85%
190 mln Czechy
84%
131 mln Słowacja
84%
320 mln Austria
83%
152 mln Egipt
83%
93 mln Grecja
83%
334 mln Urugwaj
83%
97 mln Serbia
82%
86 mln Chile
81%
284 mln Szwajcaria
81%
136 mln Słowenia
80%
325 mln Turcja
80%
75 mln Węgry
80%
70 mln Irlandia
79%
270 mln Szkocja
78%
76 mln Peru
76%
126 mln Korea Południowa
75%
73 mln Rumunia
75%
265 mln Senegal
75%
177 mln Walia
75%
227 mln Maroko
71%
234 mln Nigeria
69%
195 mln Algieria
64%
246 mln Wybrzeże Kości Słoniowej
60%
79 mln Iran
58%
107 mln Paragwaj
57%
100 mln Ghana
55%
72 mln Kamerun
54%
81 mln Burkina Faso
6%
Nie znaleziono quizów pasujących do podanych kryteriów
Rozkład punktacji
Procent ludzi z każdym wynikiem
Percentyl według liczby udzielonych odpowiedzi
Twoja historia wyników
Nie rozwiązałeś tego quizu